LEADER 00988nam a2200241 i 4500 001 000000018531 003 CaOOAMICUS 005 20211015170643.0 008 180830s1839 fr u000 u und u 040 $aSeMil$bita 100 1 $aVilleneuve-Trans, Louis .$0(OLS)http://semarc/name/8336 245 10$aHistoire de Saint Louis, roi de France /$cpar le marquis de Villeneuve-Trans. 260 $aParis :$bGrimblot, Thomas et Raybois,$c1839. 264 1$aParis :$bPaulin,$c1839. 300 $a3 v. ;$c21 cm. 600 04$aLuigi IX : di Francia .$0(OLS)http://semarc/subject/2942 774 0 $tTome 1.$g1$w()67494 774 0 $tTome 3.$g3$w()247427 774 0 $tTome 2.$g2$w()247428 996 $6245$aHistoire de Saint Louis, roi de France$9(OLS)http://semarc/title/24404 996 $6260$aParis :$bGrimblot, Thomas et Raybois$9(OLS)http://semarc/publisher/34882 996 $6264$aParis :$bPaulin$9(OLS)http://semarc/publisher/34881 LEADER 00779nam a2200205 i 4500 001 000000207981 003 CaOOAMICUS 005 20111109000000.0 008 111109s1818 it u000 u ita u 013 $a186764 026 $aCIDI tidi rino PiVi (3) 1818 (R) 040 $aSeMil$bita 100 1 $aArici, Cesare,$d<1782-1836>.$0(OLS)http://semarc/name/11445 245 10$aVol. 5. 300 $a134, [2] p. 500 $aNumerazione romana fino a p. VIII. 773 0 $tPoesie e prose di Cesare Arici professore di storia nel patrio liceo ... Volume 1. [-6.].$dBrescia : Per Nicoḷ Bettoni, 1818-1819.$g5$w()25752 850 $aSeMil 852 $aSeMil$W1$xVenegono$y1$m1S III 13 FA$j158439$B158439$CSeMilBibl$Z2$F169632 $8I 996 $6245$aVol. 5$9(OLS)http://semarc/title/108696